LEADER 01219oam 2200421Kn 450 001 9910691697203321 005 20040907170041.0 035 $a(CKB)5470000002346407 035 $a(OCoLC)49048260 035 9 $aocm49048260 035 $a(OCoLC)995470000002346407 035 $a(EXLCZ)995470000002346407 100 $a20020214d1997 ua 0 101 0 $aeng 181 $ctxt$2rdacontent 182 $cc$2rdamedia 183 $acr$2rdacarrier 200 00$aAuto service contracts$b[electronic resource] 210 1$a[Washington, D.C.] :$cFederal Trade Commission,$d[1997] 225 1 $aFTC facts for consumers 300 $aTitle from title screen (viewed on Sept. 7, 2004). 606 $aAutomobiles$zUnited States$xMaintenance and repair 606 $aContracts for work and labor$zUnited States 615 0$aAutomobiles$xMaintenance and repair. 615 0$aContracts for work and labor 676 $a070.5797 676 $a011.53 676 $a640.73 676 $a388.342 676 $a346.02 801 0$bN@F 801 1$bN@F 801 2$bOCLCQ 801 2$bGPO 906 $aBOOK 912 $a9910691697203321 996 $aAuto service contracts$93099737 997 $aUNINA LEADER 01042nam0 22002651i 450 001 RML0257476 005 20231121125716.0 010 $a8814028532 100 $a20121121d1991 ||||0itac50 ba 101 | $aita 102 $ait 181 1$6z01$ai $bxxxe 182 1$6z01$an 200 1 $a˜La œponderazione degli interessi nell'esercizio dei controlli$eatti del xxxiv° convegno di studi di scien 210 $aMilano $cGiuffre' $d1991 606 $aDiritto amministrativo$2FIR$3RMLC014846$9I 710 02$acentro studi amministrativi della provincia di como$3RMLV165481$0236182 801 3$aIT$bIT-01$c20121121 850 $aIT-FR0098 899 $aBiblioteca Area Giuridico Economica$bFR0098 912 $aRML0257476 950 0$aBiblioteca Area Giuridico Economica$d 53DSG 11/0306$e 53VM 0000284225 VM barcode:GIU0006543. - Inventario:9892VM$fA $h20010423$i20121204 977 $a 53 996 $aPonderazione degli interessi nell'esercizio dei controlli$962821 997 $aUNICAS